Machu Picchu / by Lori Dittmer.
Available copies
- 2 of 2 copies available at LARL/NWRL Consortium.
Current holds
1 current hold with 2 total copies.
Show Only Available Copies
| Location | Call Number / Copy Notes | Barcode | Shelving Location | Status | Due Date |
|---|---|---|---|---|---|
| Fertile Public Library | E 985.37 DIT (Text) | 33500014076434 | Main | Available | - |
| Mahnomen Public Library | E 985.37 DIT (Text) | 33500014076426 | Main | Available | - |
Record details
- ISBN: 9781640268609
- ISBN: 164026860X
- ISBN: 9781682774106
- ISBN: 1682774104
- Physical Description: 24 pages : color illustrations ; 29 cm.
- Publisher: Mankato, MN : Creative Education, Creative Paperbacks, [2025]
Content descriptions
| Bibliography, etc. Note: | Includes bibliographical references (page 24) and ... Read More |
| Formatted Contents Note: | Ancient City -- High in the Mountains -- Inca ... Read More |
| Summary, etc.: | "An elementary-level introduction to Machu Picchu, ... Read More |
| Target Audience Note: | Ages 6-9 Creative Education and Creative ... Read More Grades 2-3 Creative Education and Creative ... Read More |
Search for related items by subject
| Subject: | Machu Picchu Site (Peru) > Juvenile literature. Inca architecture > Juvenile literature. |
Search for related items by series
| LDR | 02120cam a2200457 i 4500 | ||
|---|---|---|---|
| 001 | 448200 | ||
| 003 | LARL_NWRL_CONSORTIUM | ||
| 005 | 20241017210349.0 | ||
| 008 | 230908s2025 mnua j b 001 0 eng | ||
| 010 | . | ‡a 2023042464 | |
| 040 | . | ‡aDLC ‡beng ‡erda ‡cDLC ‡dOCLCO | |
| 020 | . | ‡a9781640268609 ‡q(library binding) | |
| 020 | . | ‡a164026860X | |
| 020 | . | ‡a9781682774106 ‡q(paperback) | |
| 020 | . | ‡a1682774104 | |
| 020 | . | ‡z9798889890225 ‡q(ebook) | |
| 035 | . | ‡a(OCoLC)1401629047 | |
| 042 | . | ‡apcc | |
| 043 | . | ‡as-pe--- | |
| 082 | 0 | 0. | ‡a985/.37 ‡223/eng/20231002 |
| 100 | 1 | . | ‡aDittmer, Lori, ‡eauthor. |
| 245 | 1 | 0. | ‡aMachu Picchu / ‡cby Lori Dittmer. |
| 264 | 1. | ‡aMankato, MN : ‡bCreative Education, Creative Paperbacks, ‡c[2025] | |
| 300 | . | ‡a24 pages : ‡bcolor illustrations ; ‡c29 cm. | |
| 336 | . | ‡atext ‡btxt ‡2rdacontent | |
| 337 | . | ‡aunmediated ‡bn ‡2rdamedia | |
| 338 | . | ‡avolume ‡bnc ‡2rdacarrier | |
| 490 | 0 | . | ‡aAmazing wonders |
| 504 | . | ‡aIncludes bibliographical references (page 24) and index. | |
| 505 | 0 | . | ‡aAncient City -- High in the Mountains -- Inca Empire -- On the Trail -- Stone Puzzles -- Hello and Goodbye -- Amazing Secrets -- Wonder spotlight : step by step. |
| 520 | . | ‡a"An elementary-level introduction to Machu Picchu, the hidden city in the Andes Mountains of Peru, covering how, when, and why the Inca built the famous wonder. Includes captions, on-page definitions, additional resources, and an index"-- ‡cProvided by publisher. | |
| 521 | . | ‡aAges 6-9 ‡bCreative Education and Creative Paperbacks. | |
| 521 | . | ‡aGrades 2-3 ‡bCreative Education and Creative Paperbacks. | |
| 651 | 0. | ‡aMachu Picchu Site (Peru) ‡vJuvenile literature. | |
| 650 | 0. | ‡aInca architecture ‡vJuvenile literature. | |
| 776 | 0 | 8. | ‡iOnline version: ‡aDittmer, Lori ‡tMachu Picchu ‡dMankato, MN : Creative Education and Creative Paperbacks, [2025] ‡z9798889890225 ‡w(DLC) 2023042465 |
| 901 | . | ‡a448200 ‡bAUTOGEN ‡c448200 ‡tbiblio | |

Add to basket
Permalink
Disable Highlighting